000 00916nam a2200253 i 4500
001 136824
003 ES-MaACL
005 20250804062621.0
007 t|
008 070214s1968 sp |||| |bspa d
080 _a929 Pérez Galdós, Benito
080 _a821.134.2 Pérez Galdós, Benito 1.06
100 1 _aPérez Galdós, Benito,
_d1843-1920
_990871
245 1 0 _aGaldós /
_cestudio y antología por Federico Carlos Sainz de Robles.
260 _aMadrid :
_bCompañía Bibliográfica Española,
_c1968.
300 _a216 p. ;
_c19 cm.
490 1 _aUn autor en un libro ;
_v30
600 1 4 _aPérez Galdós, Benito,
_d1843-1920-
_xCrítica e interpretación
_990875
700 1 _aSainz de Robles, Federico Carlos,
_d1898-1982
_9101593
710 2 _aCompañía Bibliográfica Española.
_9171207
830 1 _aUn autor en un libro ;
_v30
_9182717
852 _aES-MaACL
_jC-35485
999 _c136824
_d136824